000 00319nam a2200133Ia 4500
100 _aBensinger Charles
650 _aElectrical Engineering
942 _cBK
654 _aHome Video
245 _aHome Video Hand Book .The
260 _bVideo -Info Publication
_aCalifornia
_c1981
300 _a302
546 _aENGLISH
999 _c28287
_d28287